000 00995nam a2200229 a 4500
001 BRCA_838
005 20190320203154.0
008 980224s1997 it-a---##b---#000-0#ger-d
020 _a3900325715
050 4 _aF1219.3
_b.G65 1997
245 1 0 _aGold und Silber aus Mexiko
_bPräkolumbisches Gold und koloniales Silber aus dem Anthropologischen Nationalmuseum und Anderen Bedeutenden Sammlungen Mexikos
_cherausgegeben von Wilfried Seipel.
260 _aMilán
_bSkira
_c1997
300 _a153 p.
_bil. a color
_c28 cm.
500 _aCatálogo de la exposición realizada en el Kunsthistorisches Museum Wien, 18 junio - 19 octubre, 1997
500 _a2 ejemplares en el Área de Investigación
504 _aIncluye referencias bibliográficas
650 1 4 _aIndígena orfebre
_vExposiciones
_zMéxico
_92788
650 1 4 _aTrabajo en plata colonial
_vExposiciones
_zMéxico
_92789
650 1 4 _aOrfebrería colonial
_vExposiciones
_zMéxico
_92790
700 1 _aSeipel, Wilfried
_9878
942 _2lcc
_cB
999 _c733
_d733